000 01394nam0a2200337 4500
001 RU\NLR\bibl\1413035
005 20250615211817.0
010 _a978-5-386-01453-7
_93000
021 _aRU
_b2009-54172
_93342
035 _a(NLR Aleph) 001405013
090 _a1246471
_c1246471
100 _a20090915d2009 |||y0rusy50 ca
101 1 _arus
_ceng
102 _aRU
105 _aa |||||||||
200 1 _aВсе о красном вине
_eвсе тайны красного вина в одной книге
_fРоджер Кордер
_g[пер. с англ. Е.Г. Богдановой]
210 _aМосква
_cРИПОЛ классик
_d2009
215 _a331, [1] с.
_cил.
_d24
225 1 _aРезультаты новейших научных исследований
300 _aЗагл. и авт. ориг.: The wine diet / Roger Corder, Prof.
454 0 _12001#$aThe wine diet
_1700#1$aCorder$bR.$gRoger$4070
_tThe wine diet
_aCorder, Roger
606 1 _aВино красное
_xЛечебное применение
_92568708
_3RU\NLR\auth\661519107
606 1 _aЗдоровье
_xВлияние питания
_91187755
_3RU\NLR\auth\66478909
686 _aР123.822-0
686 _aР123.0
700 1 _aКордер
_bР.
_gРоджер
_4070
801 0 _aRU
_bNLR
_c20090915
_gRCR
801 1 _aRU
_bNLR
_c20090915
942 _cBOOK
980 _aNB